Relazione al parlamento sull'effettiva applicazione del principio di parità di trattamento e sull'efficacia dei meccanismi di tutela Anno 2011

-д хадгалсан:
Номзүйн дэлгэрэнгүй
Байгууллагын зохиогч: UNAR
Формат: Ном
Хэл сонгох:англи
Хэвлэсэн: Roma UNAR 2012
Шошгууд: Шошго нэмэх
Шошго байхгүй, Энэхүү баримтыг шошголох эхний хүн болох!

MARC

LEADER 00000nam a2200000 4500
005 20240626165724.0
008 240626b |||||||| |||| 00| 0 eng d
040 |c GP 
110 |a UNAR 
245 |a Relazione al parlamento sull'effettiva applicazione del principio di parità di trattamento e sull'efficacia dei meccanismi di tutela  |b Anno 2011 
260 |a Roma  |b UNAR  |c 2012 
942 |2 ddc  |c BK  |n 0 
952 |0 0  |1 0  |2 ddc  |4 0  |6 353_533000000000000_UNA  |7 1  |9 1502  |a RM  |b RM  |d 2024-06-26  |l 0  |o 353.533 UNA  |p 216  |r 2024-06-26 17:01:51  |w 2024-06-26  |y BK 
999 |c 1320  |d 1320